| 000 | 00847nas a2200265 4500 | ||
|---|---|---|---|
| 001 | BR0900922 | ||
| 003 | BR-BrBNA | ||
| 005 | 20231205113141.0 | ||
| 007 | ta | ||
| 008 | 230509b bl.|||p| |||| 00| 00por d | ||
| 040 |
_aBR-BrBNA _bpor _cBiblioteca Nacional de Agricultura |
||
| 041 | _a(Pt) | ||
| 072 | _aF62 | ||
| 100 | 1 | _aMercante, E. | |
| 100 | 1 | _aSilva, S. de L. | |
| 100 | 1 | _aModolo, A.J. | |
| 100 | 1 | _aSilveira, J.C.M. da | |
| 245 | 1 | _aDemanda energética e distribuição de sementes de milho em função da velocidade de duas semeadoras. | |
| 650 | _aMILHO | ||
| 650 | _aSEMENTE | ||
| 650 | _aENERGIA | ||
| 773 | 0 |
_tAgriambi - Revista Brasileira de Engenharia Agrícola e Ambiental (Brazil) _xISSN 1415-4366 _g(Jul-Sep 2005), v. 9(3) p. 424-428 _wBR0900922 |
|
| 909 |
_a202311 _bLúcia _c55 _dLúcia Elande |
||
| 942 |
_2AGRIS _n0 _cANA |
||
| 999 |
_c202133 _d202133 |
||